000 00568nam a2200169Ia 4500
003 IN-BaIIA
008 211028s9999 xx s 000 0 eng d
020 _a9780819488886 (Print)
040 _cIIA Library
100 _aTräger, Frank, ed.
_939801
245 0 _aSynthesis and Photonics of Nanoscale Materials IX
_h[eBook]
260 _aWashington, USA
_bSPIE
_c2012
300 _aOnline resource
490 _aProceedings of SPIE; V. 8245
856 _uhttps://www.spiedigitallibrary.org/conference-proceedings-of-spie/8245
_yClick Here to Access eBook
942 _cEB
999 _c32889
_d32889